Timothy of the cay / (Record no. 2567)

MARC details
000 -LEADER
fixed length control field 01163pam a2200313 a 4500
005 - DATE AND TIME OF LATEST TRANSACTION
control field 20231215143257.0
020 ## - INTERNATIONAL STANDARD BOOK NUMBER
International Standard Book Number 9780152063207 (pbk.)
040 ## - CATALOGING SOURCE
Original cataloging agency DLC
Transcribing agency DLC
Language of cataloging eng
050 00 - LIBRARY OF CONGRESS CALL NUMBER
Classification number PZ7.T2186
Item number Ti 2007
082 00 - DEWEY DECIMAL CLASSIFICATION NUMBER
Classification number 813.54
Edition number 22
100 1# - MAIN ENTRY--PERSONAL NAME
Personal name Taylor, Theodore
Dates associated with a name 1921-2006
245 10 - TITLE STATEMENT
Title Timothy of the cay /
Statement of responsibility, etc. Theodore Taylor
250 ## - EDITION STATEMENT
Edition statement First Scholastic printing, April 2008
260 ## - PUBLICATION, DISTRIBUTION, ETC.
Place of publication, distribution, etc. Orlando :
Name of publisher, distributor, etc. Scholastic,
Date of publication, distribution, etc. 1993
300 ## - PHYSICAL DESCRIPTION
Extent 161 pages
Dimensions 20 cm
500 ## - GENERAL NOTE
General note Sequel to: The cay.
505 ## - FORMATTED CONTENTS NOTE
Formatted contents note X
520 ## - SUMMARY, ETC.
Summary, etc. Having survived being blinded and shipwrecked on a tiny Caribbean island with the old Black man Timothy, twelve-year-old white boy Phillip is rescued and hopes to regain his sight with an operation. Alternate chapters follow the life of Timothy from his days as a young cabin boy.
521 1# - TARGET AUDIENCE NOTE
Target audience note 860
Source Lexile
521 1# - TARGET AUDIENCE NOTE
Target audience note X
Source Raz-Plus
650 #1 - SUBJECT ADDED ENTRY--TOPICAL TERM
Topical term or geographic name entry element Shipwrecks
Form subdivision Fiction.
650 #1 - SUBJECT ADDED ENTRY--TOPICAL TERM
Topical term or geographic name entry element Survival
Form subdivision Fiction.
650 #1 - SUBJECT ADDED ENTRY--TOPICAL TERM
Topical term or geographic name entry element Black people
Geographic subdivision Caribbean Area
Form subdivision Fiction.
650 #1 - SUBJECT ADDED ENTRY--TOPICAL TERM
Topical term or geographic name entry element Blind
Form subdivision Fiction.
650 #1 - SUBJECT ADDED ENTRY--TOPICAL TERM
Topical term or geographic name entry element People with disabilities
Form subdivision Fiction.
906 ## - LOCAL DATA ELEMENT F, LDF (RLIN)
a 7
b cbc
c origcop
d 2
e ncip
f 20
g y-gencatlg
942 ## - ADDED ENTRY ELEMENTS (KOHA)
Source of classification or shelving scheme Dewey Decimal Classification
Koha item type Books
Suppress in OPAC No
999 ## -
-- 2567
-- 2567
Holdings
Withdrawn status Lost status Source of classification or shelving scheme Damaged status Not for loan Collection Home library Current library Shelving location Date acquired Total Checkouts Full call number Barcode Date last seen Price effective from Koha item type
    Dewey Decimal Classification     Fiction Footprints International School Library Network Toul Kork Campus Footprints International School Library Network Toul Kork Campus TTP Secondary Fiction Bookshelves 12/15/2023   TAY 813.54 PZ7.T2186 FISSE01221 12/15/2023 12/15/2023 Books